| 000 | 00753cab a2200229 4500 | ||
|---|---|---|---|
| 001 | WB2940-23 | ||
| 008 | 090401t1993 xxu||||| |||| 00| 0 eng d | ||
| 035 | _a(Sirsi) u58893 | ||
| 041 | _aeng | ||
| 245 | _aAccommodation Agencies Act 1953 | ||
| 260 | _c1993 | ||
| 350 | _a0 | ||
| 490 |
_aDOE Press Release _v(694) 27 October 1993 (1) |
||
| 520 | _aThe government has decided, following consultation, that as there is a clear need to protect prospective tenants from unscrupulous agents, the Accommodation Agencies Act 1953 should be retained. | ||
| 650 | _aACCOMMODATION AGENCIES ACT 1953 | ||
| 650 | _aDEREGULATION | ||
| 650 | _aFEES | ||
| 650 | _aLETTING AGENTS | ||
| 690 |
_aBlock management _96220 |
||
| 942 | _n0 | ||
| 948 | _c04/03/1997 | ||
| 999 |
_c36022 _d36022 |
||